书目信息 |
| 题名: |
热工仪表于热力工程便携手册
|
|
| 作者: | 柳金海 编 | |
| 分册: | ||
| 出版信息: | 北京 机械工业出版社 2007.01 |
|
| 页数: | 726页 | |
| 开本: | 21cm | |
| 丛书名: | ||
| 单 册: | ||
| 中图分类: | TH81-62 | |
| 科图分类: | ||
| 主题词: | 热工仪表--re gong yi biao--技术手册 , 热力工程--re li gong cheng--技术手册 | |
| 电子资源: | ||
| ISBN: | 7-111-20137-X | |
| 000 | 00927nam0 2200241 450 | |
| 001 | 012007242041 | |
| 005 | 20070619152457.07 | |
| 010 | @a7-111-20137-X@dCNY68.00 | |
| 100 | @a20070430d2007 km y0chiy0120 ea | |
| 101 | 0 | @achi |
| 102 | @aCN@b110000 | |
| 105 | @aa a 000yy | |
| 200 | 1 | @a热工仪表于热力工程便携手册@Are gong yi biao yu re li gong cheng bian xie shou ce@f柳金海编@Fliu jin hai bian |
| 210 | @a北京@c机械工业出版社@d2007.01 | |
| 215 | @a726页@c图@d21cm | |
| 320 | @a有书目。 | |
| 330 | @a全书包括上、下两篇,上篇介绍热工检测仪表工程,内容包括热工仪表的分类测量常识,压力、压差测量及仪表、温度测量仪表、流量测量仪表、物位测量仪表、显示仪表的结构、原理及调校,热工及自动化仪表的安装与调试, | |
| 606 | 0 | @a热工仪表@Are gong yi biao@j技术手册 |
| 606 | 0 | @a热力工程@Are li gong cheng@j技术手册 |
| 690 | @aTH81-62@v4 | |
| 701 | 0 | @a柳金海@Aliu jin hai@4编 |
| 801 | 0 | @aCN@c20070619 |
| 905 | @dTH81-62@eL751 | |
| 热工仪表于热力工程便携手册/柳金海编.-北京:机械工业出版社,2007.01 |
| 726页:图;21cm |
| ISBN 7-111-20137-X:CNY68.00 |
| 全书包括上、下两篇,上篇介绍热工检测仪表工程,内容包括热工仪表的分类测量常识,压力、压差测量及仪表、温度测量仪表、流量测量仪表、物位测量仪表、显示仪表的结构、原理及调校,热工及自动化仪表的安装与调试, |
| ● |
| 相关链接 |
|
|
|
正题名:热工仪表于热力工程便携手册
索取号:TH81-62/L751
 
预约/预借
| 序号 | 登录号 | 条形码 | 馆藏地/架位号 | 状态 | 备注 |
| 1 | 242490 | 202424901 | 期刊室512/501自科库 135排4列5层/ [索取号:TH81-62/L751] | 在馆 | |
| 2 | 242491 | 202424910 | 期刊室512/501自科库 135排4列5层/ [索取号:TH81-62/L751] | 在馆 |